000 00268nam a2200109Ia 4500
008 200302s9999 xx 000 0 und d
100 _aK.Dangermond
245 _aBreakwaters And Closure Dams(Ukp 55)
260 _bSpon Press, London, NY
260 _c2004
300 _a371
999 _c4586
_d4586